LEADER 02119nam 2200637 a 450 001 9910789804803321 005 20200520144314.0 010 $a1-136-88544-7 010 $a1-283-10547-0 010 $a9786613105479 010 $a0-203-83955-2 035 $a(CKB)2670000000081768 035 $a(EBL)614771 035 $a(OCoLC)720401381 035 $a(SSID)ssj0000517903 035 $a(PQKBManifestationID)11365833 035 $a(PQKBTitleCode)TC0000517903 035 $a(PQKBWorkID)10491812 035 $a(PQKB)10200226 035 $a(Au-PeEL)EBL614771 035 $a(CaPaEBR)ebr10462489 035 $a(CaONFJC)MIL310547 035 $a(MiAaPQ)EBC614771 035 $a(PPN)198455224 035 $a(EXLCZ)992670000000081768 100 $a20110502e20111932 uy 0 101 0 $aeng 135 $aur|n|---||||| 181 $ctxt 182 $cc 183 $acr 200 10$aEconomic tracts for the times$b[electronic resource] /$fG.D.H. Cole 210 $aLondon $cRoutledge$d2011 215 $a1 online resource (207 p.) 225 0 $aG.D.H. Cole : selected works ;$vv. 7 300 $aReprint. Originally published: London : Macmillan & Co., 1932. 311 $a0-415-59838-9 327 $apt. 1. The economic crisis -- pt. 2. Economics in theory and practice -- pt. 3. Socialisation. 330 $aOriginally written as a series of pamphlets and at a time of high unemployment, this volume discusses free trade, monetary policy, wages and employment, economic theory and social legislation. 410 0$aRoutledge Library Editions 606 $aEconomics 606 $aGovernment ownership 607 $aGreat Britain$xEconomic conditions$y1918-1945 607 $aGreat Britain$xEconomic policy 615 0$aEconomics. 615 0$aGovernment ownership. 676 $a304 676 $a330 700 $aCole$b G. D. H$g(George Douglas Howard),$f1889-1959.$0122296 801 0$bMiAaPQ 801 1$bMiAaPQ 801 2$bMiAaPQ 906 $aBOOK 912 $a9910789804803321 996 $aEconomic tracts for the times$93692382 997 $aUNINA LEADER 03908nam 2200673 450 001 9910798485403321 005 20230808193428.0 010 $a3-0356-0706-0 024 7 $a10.1515/9783035607062 035 $a(CKB)3710000000718409 035 $a(EBL)4556847 035 $a(SSID)ssj0001678300 035 $a(PQKBManifestationID)16488967 035 $a(PQKBTitleCode)TC0001678300 035 $a(PQKBWorkID)14996156 035 $a(PQKB)10038141 035 $a(PQKBManifestationID)16450405 035 $a(PQKBWorkID)14996067 035 $a(PQKB)20976639 035 $a(MiAaPQ)EBC4556847 035 $a(DE-B1597)457818 035 $a(OCoLC)949912055 035 $a(DE-B1597)9783035607062 035 $a(Au-PeEL)EBL4556847 035 $a(CaPaEBR)ebr11223070 035 $a(CaONFJC)MIL931436 035 $a(OCoLC)951978213 035 $a(EXLCZ)993710000000718409 100 $a20160704h20162016 uy 0 101 0 $aeng 135 $aur|n|---||||| 181 $ctxt 182 $cc 183 $acr 200 10$aChina's urban communities $econcepts, contexts, and well-being /$fPeter Rowe, Ann Forsyth, Har Ye Kan 210 1$aBasel, Switzerland :$cBirkha?user,$d2016. 210 4$d©2016 215 $a1 online resource (200 p.) 300 $aDescription based upon print version of record. 311 $a3-0356-0833-4 320 $aIncludes bibliographical references and index. 327 $tFrontmatter -- $tContents -- $tChapter 1. Introduction -- $tChapter 2. Concepts of Community in China -- $tChapter 3. Urban Types and Projects -- $tChapter 4. Health and Well-Being in Residential Districts -- $tChapter 5. New Pathways Forward -- $tChapter 6. Conclusion -- $tAppendices -- $tMethods Appendix -- $tNotes -- $tAbout The Authors -- $tAcknowledgements -- $tIllustration Credits -- $tIndex 330 $aCities in China are extremely dynamic and experience high pressure to grow, transform and adapt. But in what directions, on what basis and to which goals? The authors and their team have researched the intensive transformation processes of about twenty-five neighborhood communities that were created in Beijing, Shanghai, Shenzhen, and Suzhou in the last 30 years, ranging from inner-city to peripheral areas, starting from planning and leading up to user satisfaction studies. This in-depth overview on neighborhood typology and development in China follows the book Emergent Architectural Territories in East Asian Cities by Peter Rowe, who is among the world?s best scholars on urban transformation in East Asia, together with his colleagues Ann Forsyth and Har Ye Kan. 330 $aMit ihrem schnellen Wachstum unterliegen die Städte Chinas einem hohen Entwicklungsdruck. Sie müssen sich anpassen und verwandeln, doch auf welchen Grundlagen und mit welchen Zielen? Das Buch zeichnet die Transformationsprozesse nach, die seit drei Jahrzehnten in etwa 25 Nachbarschaften der Großstädte Beijing, Shanghai, Shenzhen und Suzhou ablaufen. Die Beispiele reichen von zentralen Wohnvierteln bis hin zu städtischen Randlagen, und ihre Darstellung erstreckt sich von der städtebaulichen Planung bis hin zu Untersuchungen der Bewohnerzufriedenheit. Diese vertiefte Analyse urbaner Umgebungen schließt an das frühere Buch von Peter Rowe an, der mit Emergent Architectural Territories in East Asian Cities seinem Ruf als einem der weltbesten Kenner der Städte in Fernost gerecht wurde. 606 $aCity planning$zChina 606 $aSociology, Urban$zChina 615 0$aCity planning 615 0$aSociology, Urban 676 $a307.1/2160951 700 $aRowe$b Peter G.$035270 702 $aForsyth$b Ann$f1963- 702 $aKan$b Har Ye 801 0$bMiAaPQ 801 1$bMiAaPQ 801 2$bMiAaPQ 906 $aBOOK 912 $a9910798485403321 996 $aChina's urban communities$93693216 997 $aUNINA LEADER 01475nam0-22004931i-450 001 990001836020403321 005 20260123102515.0 010 $a88-8292-071-2 035 $a000183602 035 $aFED01000183602 035 $a(Aleph)000183602FED01 035 $a000183602 100 $a20030910d1999----km-y0itay50------ba 101 0 $aita 102 $aIT 105 $ay-------001yy 200 1 $a<>rivoluzione negata$eil filo rosso della rivoluzione italiana$ememoria storica e riflessioni politiche nel bicentenario 1799-1999$fAngiolo Gracci (Gracco)$gprefazione di Guido D'Agostino 210 $aNapoli$cLa città del sole$d1999 215 $a292 p.$d22 cm 610 0 $aNapoli$aStoria 610 0 $aRepubblica partenopea. 1799 676 $a945.73 676 $a945.707 43$v21$zita 676 $aSAG-GRA-1$v22$zita 700 1$aGracci,$bAngiolo$080689 702 1$aD'Agostino,$bGuido$f<1942- > 801 0$aIT$bUNINA$gRICA$2UNIMARC 901 $aBK 912 $a990001836020403321 952 $a60 DONO UNINA 28$b7682$fFAGBC 952 $aXIV A 723$b35373$fFSPBC 952 $a945.709 GRAA 01$bBibl. 31965$fFLFBC 952 $aXXI C 63$b40004*$fFGBC 952 $aSEZ.NA B 2588$b20585-0$fFARBC 952 $aSAG-GRA-1$b173/2023$fSC1 959 $aFSPBC 959 $aFAGBC 959 $aFLFBC 959 $aFSPBC 959 $aFGBC 959 $aFARBC 959 $aSC1 996 $aRivoluzione negata$974096 997 $aUNINA